00696nam a2200205 i 4500003000900000005001700009007000300026008004100029040003000070082001300100110003800113245009700151250001900248264006300267300002600330336002700356337003400383338002800417500004500445DO-SdBNP20240304181731.0ta110413s1981 dr 000 0 spa d aDO-SdBNPbspacBNPHUerda bP2732222 aPartido Revolucionario Dominicano10aReglamento :bparlamentario, disciplinario /cpreparado por L. Almanzor González Canahuate a2a. edición  aSanto Domingo :bPartido Revolucionario Dominicano,c1981. a19 páginas c21 cm. 2rdacontentatextobtxt 2rdamediaasin mediación bn 2rdacarrieravolumenbnc aDepartamento Nacional de Organización